000 01563nam a2200469 c 4500
001 15908
003 ES-MaCES
005 20141221122410.0
008 031210m20032004sp t 100 | mul d
017 _aBI 1583-2003
_bDL
017 _aNA 2731-2004
_bDL
020 _a8474858852 (v. I)
020 _a8474859549 (v. II)
020 _a8474858844 (o.c.)
035 _aCES20030017187m
040 _aES-MaCES
_bspa
_cES-MaCES
041 0 _aspa
_abaq
_afre
245 0 0 _aMovimientos de personas e ideas y multiculturalidad
260 _aBilbao
_bUniversidad de Deusto
_c2003-2004
300 _a2 v. (277, 245 p.)
_c22 cm
500 _aTextos en español, euskera y francés
500 _aRecoge las conferencias que el Forum Deusto ha propiciado en 2002 y 2003
505 0 _av. I : Kofi Yamgnane ... [et al.] -- v. II: José Chamizo de la Rubia
541 _cCompra
650 4 _asociedad
_927269
650 4 _aglobalización económica
_930653
650 4 _amigración
_928635
650 4 _ainmigración
_928632
650 4 _alibertad religiosa
_927179
650 4 _aidentidad cultural
_929870
650 4 _aderechos humanos
_927171
650 4 _aintegración social
_927283
650 4 _aanálisis transcultural
_927258
653 1 0 _aCiencias Sociales-Políticas
700 1 _aYamgnane, Kofi
_926421
700 1 _aChamizo de la Rubia, José
_99469
710 2 _aUniversidad de Deusto
_eed.
_95271
710 2 _aForum Deusto
_93661
902 _aLIB Libro
942 _2CES
_cBK
_h7.0.
999 _c15908
_d15908